000 01217nam0a22002891 4500
001 rc\3916737
005 20250611022036.0
021 _aRU
_b[49-39101]
035 _a(NLR Aleph) 008023252
090 _a8774436
_c8774436
100 _a20130415d1949 |||y0rusy50 ca
101 0 _arus
102 _aRU
105 _aa z |||||
200 1 _aАвиационные колеса размера 1450х520 (56 ''), 950х350 (36 '') и гидравлические тормозные устройства к ним
_fСост. инж. И.Б. Братман и А.М. Подобедов
_gПод ред. Т.М. Башта
_gМ-во авиац. пром-сти СССР
210 _aМосква
_cИзд-во и тип. Оборонгиза
_d1949
215 _a52 с.
_cил.
_d22
300 _aНа обл. сост. не указаны
606 _aСамолеты
_xКолеса
_xТормозное оборудование
_2psbo
700 1 _aБратман
_bИ.Б.
_4220
701 1 _aПодобедов
_bА.М.
_4220
702 1 _aБашта
_bТ.М.
_gТрифон Максимович
_4340
801 0 _aRU
_bNLR
_gpsbo
801 1 _aRU
_bELAR
_2rusmarc
852 _aNLR
_jТ92 Г-6/133
942 _cBOOK
980 _aNB